01482nam a2200253 a 4500001001500000003000400015005001700019008004100036020003500077020003000112040000700142082001100149100005100160245010600211250001800317260003800335300002100373520053700394650005500931856008200986942001201068999001901080952012901099ASIN4897375207OSt20180116192417.0130802s2006 xxu eng d a4897375207 (hardcover)c$55.00 a9784897375205 (hardcover) c00 a729.281 aAssociates, Kaoru and Lighting Planners.9688510aLighting design :bfor urban environments and architecture /cKaoru and Lighting Planners Associates. aBilingual ed. aTokyo :bAzur Corporation,c2005. a208 p. ;c30 cm. aThis book showcases a wide variety of ingenious lighting solutions both functional and purely creative by Lighting Planners Associates Inc. It features a huge range of projects, including office buildings, pedestrian zones, memorials, retail outlets, hospitals, arts centres, museums, and religious buildings. Lighting Planners Associates Inc., formed in 1990, is a group of lighting specialists established with the purpose of producing superior lighting environments, thus contributing to the culture of architecture and lighting. aLighting, Architectural and decorativzJapan96886403Amazon.comuhttp://www.amazon.com/exec/obidos/ASIN/4897375207/chopaconline-20 2ddccBK c353779d353779 00102ddc4070aSADAbSADAd2013-06-20l4m1o729.28 ASS 2005pSADA0002071r2015-10-15s2015-09-11v4852.22w2013-08-02yBK